[Event "Confrontation II 1988-89"]
[Site "Longueuil CAN"]
[Date "1988.10.28"]
[Round "1"]
[White "Sienkiewicz, Igor"]
[Black "Charest, Johanne"]
[Result "1/2-1/2"]
[WhiteElo "1774"]
[BlackElo "1468"]
[PlyCount "99"]
[GameId "2160767912520232"]
[EventDate "1988.10.28"]
[EventType "swiss"]
[EventRounds "5"]
[EventCountry "CAN"]

1. d4 d5 2. c4 c6 3. cxd5 cxd5 4. Nc3 Nf6 5. Bf4 Nc6 6. Nf3 e6 7. e3 a6 8. Rc1 Bd7 9. Bd3 Be7 10. h3 Qb6 11. Qe2 h6 12. O-O O-O 13. a3 Rfe8 14. Na4 Qd8 15. Nc5 Bxc5 16. Rxc5 Rc8 17. Rfc1 Qb6 18. b4 Na7 19. Bc7 Rxc7 20. Rxc7 Nc6 21. R7xc6 Bxc6 22. Ne5 Rc8 23. Rc5 Nd7 24. Nxd7 Bxd7 25. Qc2 Rxc5 26. Qxc5 Qc6 27. Qxc6 Bxc6 28. Kf1 Kf8 29. Ke2 Ke7 30. f3 Kd6 31. e4 f6 32. Ke3 e5 33. g3 g5 34. h4 Ke6 35. hxg5 hxg5 36. f4 gxf4+ 37. gxf4 dxe4 38. Bxe4 Bxe4 39. Kxe4 exf4 40. a4 f3 41. Kxf3 Kd5 42. Ke3 f5 43. b5 axb5 44. axb5 b6 45. Kf4 Kxd4 46. Kxf5 Kc5 47. Ke4 Kxb5 48. Kd3 Kb4 49. Kc2 b5 50. Kb2 1/2-1/2

[Event "Confrontation II 1988-89"]
[Site "Longueuil CAN"]
[Date "1988.11.04"]
[Round "2"]
[White "Charest, Johanne"]
[Black "Hains, Daniel"]
[Result "0-1"]
[WhiteElo "1468"]
[BlackElo "1717"]
[PlyCount "44"]
[GameId "2160767912520233"]
[EventDate "1988.10.28"]
[EventType "swiss"]
[EventRounds "5"]
[EventCountry "CAN"]

1. e4 e5 2. Nf3 Nc6 3. Bc4 Bc5 4. c3 Nf6 5. d4 exd4 6. cxd4 Bb4+ 7. Bd2 Bxd2+ 8. Nbxd2 Nxe4 9. Bxf7+ Kxf7 10. Nxe4 Re8 11. Nfd2 d5 12. Qb3 Nxd4 13. Qc3 dxe4 14. Qc4+ Be6 15. Qc3 Bf5 16. Qc4+ Kf8 17. O-O b5 18. Qb4+ Qd6 19. Qa5 Re6 20. Rad1 Bg4 21. Rde1 Ne2+ 22. Kh1 Qxh2+ 0-1

[Event "Confrontation II 1988-89"]
[Site "Longueuil CAN"]
[Date "1988.11.05"]
[Round "2"]
[White "Letourneau, Jean"]
[Black "Morin, Louis"]
[Result "0-1"]
[WhiteElo "1763"]
[BlackElo "1950"]
[PlyCount "50"]
[GameId "2160767912520234"]
[EventDate "1988.10.28"]
[EventType "swiss"]
[EventRounds "5"]
[EventCountry "CAN"]
[SourceTitle "hb 2013"]

1. e4 e5 2. Nc3 Nf6 3. f4 d5 4. fxe5 Nxe4 5. d3 Nxc3 6. bxc3 d4 7. Nf3 Nc6 8. cxd4 Bb4+ 9. Bd2 Bxd2+ 10. Qxd2 Nxd4 11. c3 Nxf3+ 12. gxf3 Qh4+ 13. Qf2 Qxf2+ 14. Kxf2 O-O 15. d4 Be6 16. Bd3 f6 17. f4 fxe5 18. dxe5 Rxf4+ 19. Ke3 Raf8 20. Be4 c6 21. Rab1 Bxa2 22. Rxb7 Rxe4+ 23. Kxe4 Bd5+ 24. Kd4 Bxh1 25. e6 c5+ 0-1

[Event "Confrontation II 1988-89"]
[Site "Longueuil CAN"]
[Date "1988.11.11"]
[Round "3"]
[White "Charest, Johanne"]
[Black "Hetu, Sylvain"]
[Result "1/2-1/2"]
[WhiteElo "1467"]
[BlackElo "1590"]
[PlyCount "96"]
[GameId "2160767912520235"]
[EventDate "1988.10.28"]
[EventType "swiss"]
[EventRounds "5"]
[EventCountry "CAN"]

1. e4 e6 2. d4 d5 3. e5 c5 4. c3 Nd7 5. Nf3 Ne7 6. Nbd2 Qc7 7. Bd3 Nc6 8. Nf1 h6 9. Ng3 c4 10. Bc2 b5 11. a3 a5 12. Bd2 Nb6 13. O-O Bb7 14. Ne2 Be7 15. Ne1 Kd7 16. f4 b4 17. axb4 axb4 18. cxb4 Rxa1 19. Qxa1 Ra8 20. Qd1 Bxb4 21. Bxb4 Nxb4 22. f5 Kc6 23. b3 Nxc2 24. Qxc2 Bc8 25. fxe6 Bxe6 26. bxc4 Nxc4 27. Nd3 g6 28. Qc3 Ra3 29. Qc2 Qa5 30. Ng3 Rc3 31. Qb1 Nd2 32. Qb2 Nxf1 33. Nb4+ Kd7 34. Qxc3 Nxg3 35. hxg3 Qc7 36. Qb3 Qc4 37. Qa4+ Ke7 38. Nc6+ Kf8 39. Qa3+ Kg7 40. Qc5 Qxc5 41. dxc5 Kf8 42. Kf2 Ke8 43. Ke3 Kd7 44. Nb4 Kc7 45. Kd4 Kd7 46. Nxd5 Kc6 47. Nf6 h5 48. Ne4 Ba2 1/2-1/2

[Event "Confrontation II 1988-89"]
[Site "Longueuil CAN"]
[Date "1988.11.18"]
[Round "4"]
[White "Marcotte, Gilles"]
[Black "Charest, Johanne"]
[Result "0-1"]
[WhiteElo "1513"]
[BlackElo "1467"]
[PlyCount "82"]
[GameId "2160767912520236"]
[EventDate "1988.10.28"]
[EventType "swiss"]
[EventRounds "5"]
[EventCountry "CAN"]

1. d4 d5 2. c4 c6 3. Nc3 Nf6 4. Nf3 e6 5. Bg5 Nbd7 6. e4 dxe4 7. Nxe4 h6 8. Bh4 g5 9. Nxf6+ Qxf6 10. Bg3 Bb4+ 11. Ke2 Qf5 12. Qd3 Qxd3+ 13. Kxd3 c5 14. h3 Ba5 15. Rc1 cxd4 16. b4 Bd8 17. Kxd4 Bf6+ 18. Ne5 Nxe5 19. Bxe5 Bxe5+ 20. Kxe5 Ke7 21. c5 f6+ 22. Ke4 Rd8 23. h4 e5 24. hxg5 Rd4+ 25. Ke3 hxg5 26. Rh8 f5 27. g3 f4+ 28. gxf4 gxf4+ 29. Ke2 Bg4+ 30. f3 Bxf3+ 31. Kxf3 Rxh8 32. Rc3 Kf6 33. Bg2 Kf5 34. Kf2 e4 35. c6 bxc6 36. Rxc6 Rd2+ 37. Kf1 f3 38. Rc5+ Kf4 39. Bxf3 exf3 40. Rc4+ Kg3 41. Ke1 Re2+ 0-1

[Event "Confrontation II 1988-89"]
[Site "Longueuil CAN"]
[Date "1988.11.18"]
[Round "4"]
[White "Morin, Louis"]
[Black "Bergeron, Marc"]
[Result "1/2-1/2"]
[WhiteElo "1950"]
[BlackElo "1910"]
[PlyCount "49"]
[GameId "2160767912520237"]
[EventDate "1988.10.28"]
[EventType "swiss"]
[EventRounds "5"]
[EventCountry "CAN"]
[SourceTitle "hb 2013"]

1. e4 Nc6 2. Nf3 e5 3. Nc3 g6 4. d4 exd4 5. Nd5 Bg7 6. Bg5 Nce7 7. e5 d6 8. Nxe7 Nxe7 9. Qxd4 dxe5 10. Qxd8+ Kxd8 11. O-O-O+ Ke8 12. Bb5+ c6 13. Bc4 f6 14. Rhe1 fxg5 15. Nxe5 Rf8 16. Re2 Rf5 17. Ng4 Bd7 18. Rde1 Bf8 19. Nh6 Rf6 20. Ng8 Rf7 21. Bxf7+ Kxf7 22. Rxe7+ Bxe7 23. Rxe7+ Kxg8 24. Rxd7 Rf8 25. f3 1/2-1/2

[Event "Confrontation II 1988-89"]
[Site "Longueuil CAN"]
[Date "1988.11.25"]
[Round "5"]
[White "Arsenault, Nicolas"]
[Black "Charest, Johanne"]
[Result "1-0"]
[WhiteElo "1589"]
[BlackElo "1467"]
[PlyCount "125"]
[GameId "2160767912520238"]
[EventDate "1988.10.28"]
[EventType "swiss"]
[EventRounds "5"]
[EventCountry "CAN"]

1. d4 d5 2. c4 c6 3. Nc3 Nf6 4. e3 e6 5. Nf3 Bd6 6. c5 Bc7 7. Bd3 O-O 8. O-O Nbd7 9. Bd2 Re8 10. Qc2 h6 11. Rfe1 e5 12. Nxe5 Nxe5 13. dxe5 Bxe5 14. Ne2 Bb8 15. Bc3 b6 16. b4 bxc5 17. Bxf6 Qxf6 18. bxc5 Bc7 19. Nd4 Bd7 20. Bf5 Bxf5 21. Qxf5 Qxf5 22. Nxf5 Rac8 23. Nd4 Be5 24. Kf1 Bxd4 25. exd4 Rxe1+ 26. Rxe1 Rb8 27. Re7 Rb1+ 28. Ke2 Rb2+ 29. Ke3 Rxa2 30. Rc7 Ra6 31. Kf4 f6 32. Kf5 Ra4 33. Kg6 Kf8 34. Rxg7 Rxd4 35. Rxa7 Rc4 36. Kxf6 Kg8 37. Ra8+ Kh7 38. Ra7+ Kg8 39. Ra5 d4 40. Ra8+ Kh7 41. Ra7+ Kg8 42. Rd7 Rxc5 43. Rd8+ Kh7 44. Rd7+ Kg8 45. Rxd4 Rc2 46. Kg6 Kf8 47. Rf4+ Kg8 48. Kxh6 c5 49. g4 c4 50. g5 c3 51. g6 Rd2 52. Rc4 Rxf2 53. Rc8+ Rf8 54. Rxc3 Re8 55. h4 Rd8 56. Rc7 Rf8 57. h5 Rd8 58. Rf7 Rd6 59. Kg5 Rd5+ 60. Rf5 Rd8 61. h6 Ra8 62. h7+ Kh8 63. Kh6 1-0

[Event "Confrontation II 1988-89"]
[Site "Longueuil CAN"]
[Date "1988.11.25"]
[Round "5"]
[White "Jette, Georges"]
[Black "Morin, Louis"]
[Result "0-1"]
[WhiteElo "1830"]
[BlackElo "1950"]
[PlyCount "60"]
[GameId "2160767912520239"]
[EventDate "1988.10.28"]
[EventType "swiss"]
[EventRounds "5"]
[EventCountry "CAN"]
[SourceTitle "hb 2013"]

1. c4 e6 2. Nc3 d5 3. d4 c5 4. cxd5 exd5 5. dxc5 d4 6. Ne4 Bf5 7. Ng3 Bg6 8. b4 a5 9. e3 d3 10. e4 Qd4 11. Be3 d2+ 12. Bxd2 Bxe4 13. N1e2 Qe5 14. Bc3 Qd5 15. f3 Qxd1+ 16. Rxd1 Bc6 17. a3 axb4 18. axb4 Nf6 19. Nf5 Nbd7 20. Nf4 O-O-O 21. Bc4 Re8+ 22. Kf2 Ne4+ 23. fxe4 Rxe4 24. Nd5 Rxc4 25. Nfe3 Bxd5 26. Nxd5 f6 27. Rhe1 b6 28. c6 Rxc6 29. Re8+ Kb7 30. b5 Rxc3 0-1

[Event "Confrontation III 1987-88"]
[Site "Longueuil CAN"]
[Date "1988.01.08"]
[Round "1"]
[White "Charest, Johanne"]
[Black "Gagnon, Robert"]
[Result "0-1"]
[WhiteElo "1412"]
[BlackElo "1637"]
[PlyCount "88"]
[GameId "2160767912583323"]
[EventDate "1988.01.08"]
[EventType "swiss"]
[EventRounds "5"]
[EventCountry "CAN"]

1. e4 c5 2. Nf3 Nf6 3. Nc3 d6 4. d4 cxd4 5. Nxd4 a6 6. Be2 Nc6 7. Be3 e6 8. O-O Be7 9. Kh1 O-O 10. f4 Bd7 11. Qd2 Qc7 12. Bf3 Rac8 13. Rac1 Na5 14. Be2 Nc4 15. Bxc4 Qxc4 16. a3 d5 17. e5 Ng4 18. Bg1 Bxa3 19. Nxd5 Bxb2 20. Nb6 Bxc1 21. Rxc1 Qc7 22. Nxc8 Rxc8 23. Rd1 g6 24. Nf3 Ba4 25. h3 Nh6 26. Kh2 Qxc2 27. Qxc2 Rxc2 28. Rb1 Bc6 29. Ne1 Re2 30. Bc5 Nf5 31. Rd1 h5 32. Kg1 Bd5 33. Rc1 Ne3 34. Be7 Bc4 35. Bf6 b5 36. Ra1 b4 37. Rc1 b3 38. Kh2 b2 39. Rb1 Ba2 40. Rxb2 Rxb2 41. Nf3 Rxg2+ 42. Kh1 Bd5 43. Nh4 Rg4+ 44. Kh2 Nf1# 0-1

[Event "Confrontation III 1987-88"]
[Site "Longueuil CAN"]
[Date "1988.01.09"]
[Round "3"]
[White "Lavoie, Denis"]
[Black "Charest, Johanne"]
[Result "1-0"]
[WhiteElo "1444"]
[BlackElo "1412"]
[PlyCount "79"]
[GameId "2160767912583325"]
[EventDate "1988.01.08"]
[EventType "swiss"]
[EventRounds "5"]
[EventCountry "CAN"]

1. d4 d5 2. c4 c6 3. Nc3 Nf6 4. e3 e6 5. Nf3 Nbd7 6. Bd3 dxc4 7. Bxc4 Bd6 8. O-O O-O 9. Re1 Re8 10. e4 e5 11. d5 cxd5 12. Nxd5 Nxd5 13. Qxd5 Qe7 14. Rd1 Bb4 15. Bg5 Qf8 16. Bb5 Nb6 17. Qd3 Re6 18. Qb3 h6 19. Rd8 hxg5 20. Rxf8+ Bxf8 21. Nxg5 Re7 22. Nxf7 Be6 23. Nh6+ gxh6 24. Qg3+ Bg7 25. Rc1 Bxa2 26. Qa3 Bf8 27. Qxa2+ Kg7 28. Rc3 Rd8 29. Rg3+ Kf6 30. Qb3 Rc7 31. Rf3+ Kg7 32. g3 a6 33. Be2 Nc8 34. Qe6 Nd6 35. Qf6+ Kg8 36. Qxd8 Rc8 37. Rxf8+ Kg7 38. Qe7+ Kg6 39. Rf6+ Kg5 40. h4# 1-0

[Event "Confrontation III 1987-88"]
[Site "Longueuil CAN"]
[Date "1988.01.10"]
[Round "4"]
[White "Charest, Johanne"]
[Black "Dumoulin, Sylvain"]
[Result "0-1"]
[WhiteElo "1412"]
[BlackElo "1665"]
[PlyCount "76"]
[GameId "2160767912583326"]
[EventDate "1988.01.08"]
[EventType "swiss"]
[EventRounds "5"]
[EventCountry "CAN"]

1. e4 b6 2. d4 Bb7 3. Nc3 e6 4. a3 Nf6 5. Bd3 d5 6. e5 Nfd7 7. Nf3 c5 8. Be3 Nc6 9. dxc5 bxc5 10. Bf4 Qc7 11. Bb5 d4 12. Ne4 Qa5+ 13. Ned2 Qxb5 14. Rb1 Be7 15. b3 O-O 16. Nc4 Nb6 17. a4 Qa6 18. Na3 Nd5 19. Bd2 Qb6 20. Nc4 Qc7 21. g4 a5 22. h4 Nb6 23. Nxb6 Qxb6 24. Bf4 Nb4 25. Rh3 Qc6 26. Nd2 Qg2 27. Rh2 Qg1+ 28. Nf1 Ba6 29. Kd2 Bxf1 30. Qxf1 Qxg4 31. Bg3 Qf3 32. Rc1 Qc3+ 33. Kd1 Rfd8 34. Bf4 d3 35. Bd2 dxc2+ 36. Ke2 Rxd2+ 37. Ke1 Rd1+ 38. Ke2 Qd3# 0-1

[Event "Confrontation III 1987-88"]
[Site "Longueuil CAN"]
[Date "1988.01.10"]
[Round "5"]
[White "Chaput, Daniel"]
[Black "Charest, Johanne"]
[Result "0-1"]
[WhiteElo "1317"]
[BlackElo "1412"]
[PlyCount "24"]
[GameId "2160767912583327"]
[EventDate "1988.01.08"]
[EventType "swiss"]
[EventRounds "5"]
[EventCountry "CAN"]

1. e4 e5 2. Nf3 Nc6 3. d4 exd4 4. Bc4 Be7 5. Nxd4 Bc5 6. Bxf7+ Kf8 7. Bxg8 Bxd4 8. Bd5 Qf6 9. O-O Ne7 10. Bb3 Ng6 11. Bg5 Qxg5 12. Qxd4 Nf4 0-1

[Event "Confrontation III 1988-89"]
[Site "Longueuil CAN"]
[Date "1988.12.09"]
[Round "1"]
[White "Bergeron, Steeve"]
[Black "Charest, Johanne"]
[Result "1-0"]
[WhiteElo "1852"]
[BlackElo "1485"]
[PlyCount "71"]
[GameId "2160767912520110"]
[EventDate "1988.12.09"]
[EventType "swiss"]
[EventRounds "5"]
[EventCountry "CAN"]

1. e4 e5 2. Nf3 Nc6 3. Bb5 a6 4. Ba4 Nf6 5. O-O Be7 6. Re1 b5 7. Bb3 O-O 8. a4 Bb7 9. Qe2 Qb8 10. d3 h6 11. h3 Re8 12. Be3 Bf8 13. Nbd2 d6 14. Nf1 Ne7 15. Ng3 Ng6 16. Qd2 Bc6 17. a5 Qd8 18. Nf5 Bd7 19. g4 c6 20. g5 hxg5 21. Nxg5 Be6 22. Bxe6 fxe6 23. Ng3 d5 24. Qe2 d4 25. Bd2 Ra7 26. Nh5 Qe7 27. Kh1 Rc8 28. Rg1 Ne8 29. Qg4 c5 30. Nf3 Nf4 31. Nxe5 Nxh5 32. Qxh5 Nf6 33. Qh4 Nh7 34. Qh5 Nf6 35. Qg6 Qe8 36. Qxf6 1-0

[Event "Confrontation III 1988-89"]
[Site "Longueuil CAN"]
[Date "1988.12.09"]
[Round "1"]
[White "Morin, Louis"]
[Black "Perreault, Jacques"]
[Result "1-0"]
[WhiteElo "1980"]
[BlackElo "1571"]
[PlyCount "91"]
[GameId "2160767912520111"]
[EventDate "1988.12.09"]
[EventType "swiss"]
[EventRounds "5"]
[EventCountry "CAN"]
[SourceTitle "hb 2013"]

1. e4 c5 2. d4 cxd4 3. c3 dxc3 4. Nxc3 e6 5. Nf3 Bc5 6. Bc4 Nc6 7. O-O Nge7 8. Bf4 O-O 9. Rc1 a6 10. Qd2 b5 11. Bb3 Ng6 12. Nxb5 Bxf2+ 13. Rxf2 Nxf4 14. Nd6 Ng6 15. Rc5 Qe7 16. Ba4 Na7 17. Rc7 h6 18. a3 Qd8 19. Qc3 Nc6 20. Rxc8 Rxc8 21. Nxc8 Qxc8 22. Rc2 Nge7 23. Bxc6 Qxc6 24. Qxc6 Nxc6 25. b4 Rd8 26. Rc5 f6 27. Ra5 Nxa5 28. bxa5 d5 29. Nd4 e5 30. Nc6 Rd6 31. exd5 Kf7 32. Nb4 f5 33. Kf2 g5 34. Ke3 Kf6 35. Kd3 g4 36. Kc4 Ke7 37. Kc5 e4 38. Kd4 Kf6 39. g3 e3 40. Kxe3 Ke5 41. a4 Rd7 42. Nxa6 Rxd5 43. Nb4 Rc5 44. Nd3+ Kd6 45. Nxc5 Kxc5 46. Kf4 1-0

[Event "Confrontation III 1988-89"]
[Site "Longueuil CAN"]
[Date "1988.12.10"]
[Round "2"]
[White "Charest, Johanne"]
[Black "Chaput, Daniel"]
[Result "1-0"]
[WhiteElo "1485"]
[BlackElo "1422"]
[PlyCount "65"]
[GameId "2160767912520112"]
[EventDate "1988.12.09"]
[EventType "swiss"]
[EventRounds "5"]
[EventCountry "CAN"]

1. e4 d6 2. d4 Nf6 3. Nc3 g6 4. Be2 c6 5. Be3 b5 6. a3 Qa5 7. b4 Qb6 8. e5 Nd5 9. Nxd5 cxd5 10. exd6 exd6 11. Nf3 Bg7 12. c3 O-O 13. Qc1 a5 14. h4 Bg4 15. Ng1 Bxe2 16. Nxe2 Nd7 17. h5 Nf6 18. Bh6 axb4 19. cxb4 Rac8 20. Qg5 Bxh6 21. Qxh6 Rfe8 22. hxg6 fxg6 23. Kf1 Rxe2 24. Kxe2 Qxd4 25. Rac1 Re8+ 26. Kf1 Qd3+ 27. Kg1 Qxa3 28. Qg5 d4 29. Rh3 Qb2 30. Rf3 Ne4 31. Qd5+ Kh8 32. Rc7 Qb1+ 33. Kh2 1-0

[Event "Confrontation III 1988-89"]
[Site "Longueuil CAN"]
[Date "1988.12.10"]
[Round "2"]
[White "Reiner, Thomas"]
[Black "Morin, Louis"]
[Result "0-1"]
[WhiteElo "1619"]
[BlackElo "1980"]
[PlyCount "36"]
[GameId "2160767912520113"]
[EventDate "1988.12.09"]
[EventType "swiss"]
[EventRounds "5"]
[EventCountry "CAN"]
[SourceTitle "hb 2013"]

1. d4 d5 2. c4 e6 3. Nc3 c5 4. cxd5 exd5 5. Nf3 Nc6 6. g3 Nf6 7. Bg2 Be7 8. O-O O-O 9. Bg5 Be6 10. e3 h6 11. Bf4 g5 12. Be5 Nd7 13. Nb5 a6 14. Nc7 Ndxe5 15. Nxa8 Nxf3+ 16. Bxf3 Qxa8 17. dxc5 Bxc5 18. Bxd5 Rd8 0-1

[Event "Confrontation III 1988-89"]
[Site "Longueuil CAN"]
[Date "1988.12.10"]
[Round "3"]
[White "Charest, Johanne"]
[Black "Reiner, Thomas"]
[Result "1-0"]
[WhiteElo "1482"]
[BlackElo "1619"]
[PlyCount "107"]
[GameId "2160767912520114"]
[EventDate "1988.12.09"]
[EventType "swiss"]
[EventRounds "5"]
[EventCountry "CAN"]

1. e4 c6 2. d4 d5 3. e5 Bf5 4. Bd3 Bxd3 5. Qxd3 e6 6. Nf3 c5 7. c3 Nc6 8. Nbd2 cxd4 9. cxd4 Nge7 10. Nb3 b6 11. Bd2 Nf5 12. Rc1 Qd7 13. O-O g6 14. a3 Be7 15. Rc3 O-O 16. Rfc1 Nb8 17. g4 Ng7 18. Rc7 Qe8 19. Rc8 Qa4 20. h4 Nd7 21. R8c7 f5 22. g5 Rfe8 23. Nh2 Bd8 24. R7c2 a5 25. Nf1 Be7 26. Ne3 b5 27. Nd1 b4 28. axb4 axb4 29. Ra1 Qxa1 30. Nxa1 Rxa1 31. Rc1 Rxc1 32. Bxc1 Rc8 33. Bd2 Nb6 34. Qa6 Rc2 35. Bxb4 Bxb4 36. Qxb6 Rc4 37. Ne3 Rc1+ 38. Kg2 Be7 39. b4 Kf7 40. b5 Nh5 41. Kf3 Rh1 42. Kg2 Rxh4 43. Qa7 f4 44. Nc2 f3+ 45. Kg1 Rg4+ 46. Kf1 Re4 47. Ne3 Nf4 48. b6 Nd3 49. b7 Rh4 50. Kg1 Rh5 51. b8=Q Rxg5+ 52. Kh2 Rh5+ 53. Kg3 Rg5+ 54. Kxf3 1-0

[Event "Confrontation III 1988-89"]
[Site "Longueuil CAN"]
[Date "1988.12.10"]
[Round "3"]
[White "Morin, Louis"]
[Black "Vaillancourt, Luc"]
[Result "1-0"]
[WhiteElo "1980"]
[BlackElo "1785"]
[PlyCount "63"]
[GameId "2160767912520115"]
[EventDate "1988.12.09"]
[EventType "swiss"]
[EventRounds "5"]
[EventCountry "CAN"]
[SourceTitle "hb 2013"]

1. e4 c5 2. d4 cxd4 3. c3 dxc3 4. Nxc3 e6 5. Nf3 Bc5 6. Bc4 a6 7. O-O Ne7 8. Bf4 Ng6 9. Bg3 O-O 10. e5 f5 11. exf6 Qxf6 12. Ne4 Qe7 13. Nxc5 Qxc5 14. Bd6 Qf5 15. Bxf8 Qxf8 16. Rc1 Nc6 17. Re1 d5 18. Bf1 Qd8 19. Nd4 Qd6 20. Nxc6 bxc6 21. Qc2 Bb7 22. Bd3 Nf8 23. Qc5 Qc7 24. Qe3 Re8 25. f4 Qf7 26. Rc3 Ng6 27. g3 Qf6 28. Qb6 d4 29. Rc4 Nxf4 30. gxf4 Qh4 31. Re2 Qg4+ 32. Rg2 1-0

[Event "Confrontation III 1988-89"]
[Site "Longueuil CAN"]
[Date "1988.12.11"]
[Round "4"]
[White "Bergeron, Steeve"]
[Black "Morin, Louis"]
[Result "1/2-1/2"]
[WhiteElo "1852"]
[BlackElo "1980"]
[PlyCount "63"]
[GameId "2160767912520116"]
[EventDate "1988.12.09"]
[EventType "swiss"]
[EventRounds "5"]
[EventCountry "CAN"]
[SourceTitle "hb 2013"]

1. e4 e5 2. Nf3 d6 3. d4 Nf6 4. Nc3 Nbd7 5. Bc4 Be7 6. Be3 O-O 7. Qd2 c6 8. O-O-O Qc7 9. Bb3 b5 10. g4 b4 11. Na4 a5 12. Ng5 exd4 13. Bxd4 c5 14. Bxf6 Nxf6 15. Bxf7+ Rxf7 16. Nxf7 Bxg4 17. Nxd6 Bxd1 18. Rxd1 Qc6 19. b3 Bxd6 20. Qxd6 Qxd6 21. Rxd6 Nxe4 22. Re6 Nxf2 23. Nxc5 Rd8 24. Re2 Rd1+ 25. Kb2 Rd5 26. Rxf2 Rxc5 27. a3 g5 28. axb4 axb4 29. Rf3 h5 30. h3 Kg7 31. Kc1 Kg6 32. Kd2 1/2-1/2

[Event "Confrontation III 1988-89"]
[Site "Longueuil CAN"]
[Date "1988.12.11"]
[Round "4"]
[White "Vaillancourt, Luc"]
[Black "Charest, Johanne"]
[Result "1/2-1/2"]
[WhiteElo "1788"]
[BlackElo "1482"]
[PlyCount "84"]
[GameId "2160767912520117"]
[EventDate "1988.12.09"]
[EventType "swiss"]
[EventRounds "5"]
[EventCountry "CAN"]

1. e4 e5 2. Nf3 Nc6 3. Bb5 a6 4. Ba4 Nf6 5. O-O Be7 6. Re1 b5 7. Bb3 d6 8. c3 O-O 9. h3 Bb7 10. d4 Re8 11. Nbd2 Bf8 12. Bc2 h6 13. d5 Ne7 14. Nf1 c6 15. dxc6 Bxc6 16. Ng3 Ng6 17. h4 h5 18. Bg5 Be7 19. Nf5 Ng4 20. Bxe7 Nxe7 21. Nxd6 Rf8 22. Ng5 Ng6 23. Ndxf7 Rxf7 24. Qxd8+ Rxd8 25. Bb3 Be8 26. Red1 Rxd1+ 27. Rxd1 Nh8 28. Rd8 Nf6 29. Ra8 Kf8 30. Nxf7 Nxf7 31. f3 Nd7 32. Rxa6 Nc5 33. Ra3 Nd3 34. Bxf7 Kxf7 35. Ra7+ Kf8 36. b3 Nb2 37. Rc7 Bf7 38. Kf2 Nd3+ 39. Ke3 Nf4 40. g3 Ne6 41. Rb7 Be8 42. Ra7 Nc5 1/2-1/2

[Event "Confrontation III 1988-89"]
[Site "Longueuil CAN"]
[Date "1988.12.11"]
[Round "5"]
[White "Bergeron, Marc"]
[Black "Morin, Louis"]
[Result "1-0"]
[WhiteElo "1854"]
[BlackElo "1980"]
[PlyCount "93"]
[GameId "2160767912520118"]
[EventDate "1988.12.09"]
[EventType "swiss"]
[EventRounds "5"]
[EventCountry "CAN"]
[SourceTitle "hb 2013"]

1. d4 d5 2. c4 e6 3. Nc3 c5 4. cxd5 exd5 5. Nf3 Nc6 6. g3 Nf6 7. Bg2 Be7 8. O-O O-O 9. dxc5 Bxc5 10. Bg5 Be6 11. Rc1 Be7 12. h3 Qd7 13. Kh2 Rad8 14. Nd4 Nxd4 15. Qxd4 h6 16. Be3 b6 17. b4 Rc8 18. Rfd1 Rfd8 19. Bf4 b5 20. e4 Rc4 21. Qe5 Ng4+ 22. hxg4 Bf6 23. Qxf6 gxf6 24. Nxd5 Bxd5 25. exd5 Rdc8 26. Bf3 Kg7 27. Kg2 Rxb4 28. Rxc8 Rxf4 29. gxf4 Qxc8 30. d6 Qd7 31. f5 a5 32. Kg1 b4 33. Bc6 Qxc6 34. d7 Qf3 35. d8=Q Qxg4+ 36. Kf1 Qc4+ 37. Qd3 Qxa2 38. Qg3+ Kh7 39. Rd8 Qb1+ 40. Kg2 Qe4+ 41. Kh2 Qe5 42. Qxe5 fxe5 43. Ra8 Kg7 44. Rxa5 Kf6 45. Ra6+ Kxf5 46. Rxh6 f6 47. Rh3 1-0

[Event "Confrontation III 1988-89"]
[Site "Longueuil CAN"]
[Date "1988.12.11"]
[Round "5"]
[White "Charest, Johanne"]
[Black "Arsenault, Nicolas"]
[Result "1/2-1/2"]
[WhiteElo "1485"]
[BlackElo "1671"]
[PlyCount "100"]
[GameId "2160767912520119"]
[EventDate "1988.12.09"]
[EventType "swiss"]
[EventRounds "5"]
[EventCountry "CAN"]

1. e4 c5 2. Nf3 d6 3. d4 cxd4 4. Nxd4 Nf6 5. Nc3 g6 6. Be2 Bg7 7. Be3 O-O 8. Qd2 Nc6 9. Nb3 Bd7 10. h4 Ng4 11. Bxg4 Bxg4 12. f3 Bd7 13. Bh6 Ne5 14. h5 Nc4 15. Qc1 Bxc3+ 16. bxc3 Rc8 17. g4 Ne5 18. hxg6 fxg6 19. f4 Nxg4 20. f5 Rf7 21. fxg6 hxg6 22. Qd2 Rh7 23. O-O-O Nxh6 24. Rxh6 Rxh6 25. Qxh6 Qf8 26. Qxg6+ Qg7 27. Qh5 Rxc3 28. Qd5+ Qf7 29. Qxb7 Qf2 30. Qd5+ Kf8 31. Rd2 Qf1+ 32. Rd1 Qc4 33. Qd2 Ba4 34. Qh6+ Ke8 35. Qg6+ Kd7 36. Qf5+ Kc7 37. e5 Bxb3 38. axb3 Qxb3 39. exd6+ exd6 40. Qa5+ Kc6 41. Qa6+ Qb6 42. Qc8+ Qc7 43. Qa8+ Kd7 44. Qg2 Kc8 45. Qg8+ Kb7 46. Qd5+ Qc6 47. Qf7+ Kb6 48. Qf2+ Qc5 49. Rxd6+ Kb5 50. Qe2+ Kb4 1/2-1/2

[Event "Confrontation IV 1987-88"]
[Site "Longueuil CAN"]
[Date "1988.02.05"]
[Round "1"]
[White "Lemay, Jean-Pierre"]
[Black "Charest, Johanne"]
[Result "0-1"]
[WhiteElo "1613"]
[BlackElo "1403"]
[PlyCount "46"]
[GameId "2160767912586979"]
[EventDate "1988.02.05"]
[EventType "swiss"]
[EventRounds "5"]
[EventCountry "CAN"]

1. d4 d5 2. c4 c6 3. Nc3 Nf6 4. Nf3 e6 5. Bg5 Nbd7 6. cxd5 cxd5 7. e3 a6 8. Bd3 Bd6 9. O-O O-O 10. Re1 h6 11. Bh4 Re8 12. e4 dxe4 13. Nxe4 Be7 14. Rc1 Nxe4 15. Bxe4 Bxh4 16. Nxh4 Qxh4 17. Rc7 Rb8 18. Qc2 Nf6 19. Bf3 Qf4 20. d5 Bd7 21. dxe6 Bxe6 22. Rxb7 Rxb7 23. Bxb7 Qb4 0-1

[Event "Confrontation IV 1987-88"]
[Site "Longueuil CAN"]
[Date "1988.02.19"]
[Round "2"]
[White "Charest, Johanne"]
[Black "Lamoureux, Yvon"]
[Result "0-1"]
[WhiteElo "1403"]
[BlackElo "1739"]
[PlyCount "156"]
[GameId "2160767912586980"]
[EventDate "1988.02.05"]
[EventType "swiss"]
[EventRounds "5"]
[EventCountry "CAN"]

1. e4 c5 2. Nf3 d6 3. d4 cxd4 4. Nxd4 Nf6 5. Nc3 a6 6. Be2 e5 7. Nb3 Be7 8. Be3 Be6 9. O-O d5 10. exd5 Nxd5 11. Nxd5 Qxd5 12. Qxd5 Bxd5 13. Rfd1 Be6 14. Nc5 Bxc5 15. Bxc5 Nd7 16. Bd6 O-O-O 17. Bf3 f6 18. Be7 Rde8 19. Bd6 Nb6 20. Bc5 Na4 21. Ba3 Rd8 22. b3 Nc3 23. Rxd8+ Rxd8 24. Bb2 e4 25. Bh5 Rd5 26. Bxc3 Rxh5 27. Rd1 Rc5 28. Bb4 Rxc2 29. Ba5 Bd7 30. Ra1 Bb5 31. Rd1 Bd3 32. Ra1 Kd7 33. f3 f5 34. h3 Kc6 35. a4 b6 36. Be1 exf3 37. gxf3 Be2 38. f4 Bf3 39. Bf2 Be4 40. Be1 Rg2+ 41. Kf1 Rb2 42. Rc1+ Rc2 43. Ra1 Bg2+ 44. Kg1 Bxh3 45. Rd1 Rg2+ 46. Kh1 Re2 47. Bb4 Bg2+ 48. Kg1 Bd5 49. Rc1+ Kd7 50. Rd1 Ke6 51. Rd3 Rg2+ 52. Kf1 Rb2 53. Re3+ Be4 54. Rc3 Rc2 55. Re3 Kf7 56. Kg1 h6 57. Rg3 Rc8 58. Bd6 Rc6 59. Be5 Rg6 60. Rxg6 Kxg6 61. b4 b5 62. axb5 axb5 63. Kh2 Kf7 64. Kg3 g5 65. fxg5 hxg5 66. Bd6 Kg6 67. Bc7 Bc2 68. Bd6 Bd1 69. Bc7 f4+ 70. Bxf4 gxf4+ 71. Kxf4 Kf6 72. Ke4 Ke6 73. Kd4 Kd6 74. Kd3 Kd5 75. Kc3 Bg4 76. Kb3 Kd4 77. Kb2 Kc4 78. Ka3 Kc3 0-1